Logo partiel - Statistiques

Statistiques générales
  • Ce quiz a été pris 354 fois
  • Le résultat moyen est 15 sur 16
Statistiques - réponses
Par images Réponse % Correct
Burger King
100%
Spotify
100%
Red Bull
99%
Lacoste
98%
Tik Tok
98%
Wikipédia
98%
Nike
97%
Peugeot
97%
Carrefour
96%
La poste
96%
Adidas
95%
Jaguar
93%
Discord
86%
Gucci
82%
Brawl Star
61%
Hermes
57%
Aucun quiz correspondant
Distribution des résultats
% des personnes avec chaque résultat
Percentile par nombre de réponses
Votre historique - résultats
Vous n’avez pas pris ce quiz